Alte Fußballlogos - Statistiken

Allgemein
  • Dieses Quiz wurde 91 mal gespielt
  • Das Durchschnittsergebnis liegt bei 16 aus 30
Antwortstatistiken
Bildquiz Antwort % Korrekt
Paris-Saint Germain
96%
Inter Mailand
93%
Manchester City
93%
Borussia Mönchengladbach
92%
FC Bayern München
92%
Olympique Lyon
92%
SL Benfica Lissabon
92%
Real Madrid
91%
Galatasaray Istanbul
88%
FC Chelsea
74%
West Ham United
71%
FC Porto
69%
Olympique Marseille
69%
AS Roma
56%
FC Barcelona
49%
Juventus Turin
46%
Manchester United
41%
AC Mailand
38%
SSC Neapel
38%
FC Arsenal
36%
Newcastle United
36%
Aston Villa
34%
Dinamo Zagreb
27%
HSV
19%
Atletico Madrid
18%
Palmeiras
15%
Celtic Glasgow
14%
AC Florenz
11%
Flamengo
8%
VFB Stuttgart
7%
Keine übereinstimmenden Quizze gefunden
Verteilung der Resultate
Anzahl Personen mit jedem Resultat
Perzentil nach korrekt beantworteten Fragen
Ihre Resultats-Entwicklung
Sie haben dieses Quiz noch nicht gespielt